Frontiers of astronomy in 1990s (Record no. 11039)
[ view plain ]
| 000 -LEADER | |
|---|---|
| fixed length control field | 00897nam a2200229Ia 4500 |
| 003 - CONTROL NUMBER IDENTIFIER | |
| control field | IN-BaIIA |
| 008 - FIXED-LENGTH DATA ELEMENTS--GENERAL INFORMATION | |
| fixed length control field | 211028s9999 xx 000 0 eng d |
| 020 ## - INTERNATIONAL STANDARD BOOK NUMBER | |
| International Standard Book Number | 981-02-1514-2 |
| 040 ## - CATALOGING SOURCE | |
| Transcribing agency | IIA Library |
| 080 ## - UNIVERSAL DECIMAL CLASSIFICATION NUMBER | |
| Universal Decimal Classification number | 52 |
| Item number | FRO |
| 111 ## - MAIN ENTRY--MEETING NAME | |
| Meeting name or jurisdiction name as entry element | Workshop on Frontiers of Astronomy |
| Location of meeting | China |
| Date of meeting or treaty signing | 1992 Oct. 30 - Nov. 6 |
| 9 (RLIN) | 18904 |
| 245 #0 - TITLE STATEMENT | |
| Title | Frontiers of astronomy in 1990s |
| Remainder of title | proceedings of a workshop on frontiers of astronomy in 1990s held in Beijing, P. R. China, 30 October-6 November 1992 |
| Statement of responsibility, etc. | edited by Li. Qibin |
| 260 ## - PUBLICATION, DISTRIBUTION, ETC. | |
| Place of publication, distribution, etc. | Singapore |
| Name of publisher, distributor, etc. | World Scientific |
| Date of publication, distribution, etc. | 1993 |
| 300 ## - PHYSICAL DESCRIPTION | |
| Extent | xiii, 217p. |
| 650 ## - SUBJECT ADDED ENTRY--TOPICAL TERM | |
| Topical term or geographic name entry element | Astronomical instruments |
| 9 (RLIN) | 4304 |
| 650 ## - SUBJECT ADDED ENTRY--TOPICAL TERM | |
| Topical term or geographic name entry element | Astronomy |
| 9 (RLIN) | 80 |
| 650 ## - SUBJECT ADDED ENTRY--TOPICAL TERM | |
| Topical term or geographic name entry element | Astronomy and astrophysics thesaurus |
| 650 ## - SUBJECT ADDED ENTRY--TOPICAL TERM | |
| Topical term or geographic name entry element | High energy astrophysics |
| 9 (RLIN) | 5354 |
| 700 ## - ADDED ENTRY--PERSONAL NAME | |
| Personal name | Qibin, Li., ed. |
| 9 (RLIN) | 18905 |
| 710 ## - ADDED ENTRY--CORPORATE NAME | |
| Corporate name or jurisdiction name as entry element | United Laboratory for Optical |
| 9 (RLIN) | 18906 |
| 942 ## - ADDED ENTRY ELEMENTS (KOHA) | |
| Koha item type | Books |
| 952 ## - LOCATION AND ITEM INFORMATION (KOHA) | |
| -- | 76.00 |
| Withdrawn status | Lost status | Damaged status | Not for loan | Home library | Current library | Shelving location | Date acquired | Total Checkouts | Full call number | Barcode | Date last seen | Price effective from | Koha item type |
|---|---|---|---|---|---|---|---|---|---|---|---|---|---|
| IIA Library-Bangalore | IIA Library-Bangalore | General Stacks | 20/04/1994 | 52/ FRO | 11952 | 05/11/2021 | 20/04/1994 | Books |